Baum des Jahres Quiz - Statistiken

Allgemein
  • Dieses Quiz wurde 131 mal gespielt
    66 seit der letzten Aktualisierung
  • Das Durchschnittsergebnis liegt bei 20 aus 38
Antwortstatistiken
Jahr Baum % Korrekt
2000 Hänge-Birke
91%
1989 Stieleiche
91%
2004 Weiß-Tanne
91%
1996 Hainbuche
86%
1990 Rotbuche
86%
2022 Rotbuche
86%
2017 Gemeine Fichte
82%
2023 Moor-Birke
82%
2025 Roteiche
77%
2014 Traubeneiche
77%
2001 Esche
68%
1995 Spitzahorn
68%
2009 Berg-Ahorn
64%
2015 Feldahorn
64%
2010 Vogelkirsche
64%
1992 Berg-Ulme
59%
2013 Holzapfel
59%
1999 Silber-Weide
59%
2007 Waldkiefer
59%
1998 Wildbirne
59%
2003 Schwarz-Erle
55%
2006 Schwarzpappel
55%
1991 Sommer-Linde
55%
2012 Europäische Lärche
50%
2019 Flatterulme
50%
2016 Winterlinde
45%
1997 Eberesche
41%
1994 Europäische Eibe
41%
2008 Echte Walnuss
27%
2026 Espe
18%
2005 Gewöhnliche Rosskastanie
18%
1993 Speierling
18%
2011 Elsbeere
14%
2018 Esskastanie
14%
2002 Gemeiner Wacholder
9%
2020 Gewöhnliche Robinie
9%
2024 Echte Mehlbeere
0%
2021 Europäische Stechpalme
0%
Keine übereinstimmenden Quizze gefunden
Verteilung der Resultate
Anzahl Personen mit jedem Resultat
Perzentil nach korrekt beantworteten Fragen
Ihre Resultats-Entwicklung
Sie haben dieses Quiz seit der letzten Aktualisierung nicht gespielt